|
|
|
|
| LEADER |
00844pam a22002298a 4500 |
| 001 |
00022080 |
| 005 |
20171026081022.0 |
| 008 |
110527s1982 ||||||Viesd |
| 041 |
0 |
# |
|a Vie
|
| 082 |
1 |
4 |
|a 592
|b Đ455V
|
| 100 |
0 |
# |
|a Đặng Ngọc Thanh
|
| 245 |
0 |
0 |
|a Động vật học không xương sống
|c Đặng Ngọc Thanh, Thái Trần Bái
|n T.2
|
| 260 |
# |
# |
|a H.
|b Đại học và trung học chuyên nghiệp
|c 1982
|
| 300 |
# |
# |
|a 215 tr.
|c 27 cm.
|
| 650 |
|
|
|a Ngành thân mền
|
| 653 |
# |
# |
|a Đông vật không xương sống
|
| 700 |
0 |
# |
|a Thái Trần Bái
|e tác giả
|
| 852 |
# |
# |
|b Kho giáo trình
|j KGT.0007988
|
| 852 |
# |
# |
|b Kho đọc
|j KD.0007725
|
| 852 |
# |
# |
|j KD.0007725
|
| 910 |
# |
# |
|a nhnam
|d 27/05/2011
|
| 980 |
# |
# |
|a Trung tâm Học liệu Lê Vũ Hùng, Trường Đại học Đồng Tháp
|